00393nam a22001457a 450000500170000000800410001702000150005804100120007308200140008510000220009924500310012126000390015230000310019165000250022220231024143734.0231024b |||||||| |||| 00| 0 eng d a0702114359 aEnglish a347.1 COR aCorder HlEnglish aJudges at Work /cH Corder aCape Town :bJuta & Co, Ltd,c1984 bxxxii, 252 pages ;c26 cm. aLegal Practice bLaw